000 00786nam a2200241 a 4500
001 1523
003 BR-CuiBMT
005 20231214122709.0
008 231108s201u rjb 000 0 por d
040 _aBR-CuiBMT
_cBR-CuiBMT
080 _22007
_a342.9
090 _a342.9
_bW245a
100 1 _aWanderley, Bruno
245 1 0 _aAspectos avançados do direito administrativo e constitucional /
_cBruno Wanderley.
260 _aRio de Janeiro :
_bFGV,
_c[201-].
300 _aii, 253 p. ;
_c29 cm
500 _a"FascĂ­culo elaborado para o curso MPA Executivo em Controle Externo."
504 _aInclui bibliografia.
610 1 _aMato Grosso.
_bTribunal de Contas do Estado.
650 _aDireito administrativo
_zBrasil
650 _aDireito constitucional
_zBrasil
942 _2udc
_cLV
999 _c1523
_d1523